| 000 | 01444nam a22003017a 4500 | ||
|---|---|---|---|
| 001 | K121159 | ||
| 008 | 160218b2019 xxu||||| |||| 00| 0 eng d | ||
| 020 | _a9781783213764 | ||
| 041 | _aeng | ||
| 100 | _aTalbot, Mark | ||
| 245 | _aSurveyors advising in respect of the Electronic Communications Code | ||
| 250 | _a1st | ||
| 260 |
_aLondon _bRICS _c2019 |
||
| 490 | _aRICS professional standards and guidance, UK | ||
| 520 | _aProvides a framework and identifies key factors surveyors need to take into consideration when advising clients on matters relating to electronic communications and installations which fall under the scope of the Electronic Communications Code. | ||
| 520 | _aThis guidance note was amended January 2022 to update references to the RICS Rules of Conduct | ||
| 650 | _aElectronic Communications Code | ||
| 650 | _aNetworks | ||
| 650 | _aSurveyors advising in respect of compulsory purchase and statutory compensation | ||
| 650 | _aCornerstone Telecommunications Infrastructure Ltd v University of London | ||
| 650 | _aCornerstone Telecommunications Infrastructure Ltd v Keast | ||
| 650 | _aDigital Economy Act 2017 | ||
| 651 | _aUnited Kingdom | ||
| 690 |
_96246 _aInfrastructure |
||
| 700 | _aDoane, Susan | ||
| 856 |
_uhttps://www.rics.org/profession-standards/rics-standards-and-guidance/sector-standards/land-standards/electronic-communications-code _zAvailable on RICS.org |
||
| 942 | _n0 | ||
| 999 |
_c121159 _d121159 |
||